00487nam a2200169Ia 4500999001500000003000400015005001700019008004100036040000900077082001800086100002300104245008000127250001200207260004700219300000900266942004200275 c5608d5608OSt20200123142635.0190216s9999||||xx |||||||||||||| ||und|| coclc a658.42bPAU/E aPaul, Jose 91469 0aEntrepreneurship Development /cJose Paul ; N Ajith Kumar ; Paul T Mambilly a3rd ed. bHimalaya Publishing House,c1996.aMumbai: a256p cBK2ddch658.42iPAU/Ek658.42mPAU/E